pokemon that start with k - Statistics

General Stats
  • This quiz has been taken 6 times
  • The average score is 9 of 31
Answer Stats
Hint Answer % Correct
Gen I Kangaskhan
100%
Gen I Kabuto
80%
Gen I Kabutops
80%
Gen I Kingler
80%
Gen I Krabby
80%
Gen V Klang
60%
Gen VI Klefki
40%
Gen V Klink
40%
Gen I Koffing
40%
Gen V Krokorok
40%
Gen I Kadabra
20%
Gen VII Kartana
20%
Gen III Kecleon
20%
Gen V Keldeo
20%
Gen IX Kingambit
20%
Gen II Kingdra
20%
Gen III Kirlia
20%
Gen IX Klawf
20%
Gen VIII Kleavor
20%
Gen V Klinklang
20%
Gen IV Kricketot
20%
Gen IV Kricketune
20%
Gen V Krookodile
20%
Gen III Kyogre
20%
Gen V Kyurem
20%
Gen V Karrablast
0%
Gen IX Kilowattrel
0%
Gen VII Komala
0%
Gen VII Kommo-o
0%
Gen IX Koraidon
0%
Gen VII Kubfu
0%
No matching quizzes found
Score Distribution
Percent of People with Each Score
Percentile by Number Answered
Your Score History
You have not taken this quiz